header

The puzzle of unanimity (Record no. 24974)

MARC details
000 -LEADER
fixed length control field 01848nam a2200373 a 4500
082 04 - DEWEY DECIMAL CLASSIFICATION NUMBER
Classification number 347.73/26
100 1# - MAIN ENTRY--AUTHOR NAME
Personal name Corley, Pamela C.,
245 14 - TITLE STATEMENT
Title The puzzle of unanimity
260 ## - PUBLICATION, DISTRIBUTION, ETC. (IMPRINT)
Place of publication Stanford, Calif. :
Name of publisher Stanford Law Books, an imprint of Stanford University Press,
Year of publication 2013.
300 ## - PHYSICAL DESCRIPTION
Number of Pages x, 201 p. :
Other physical details ill.
505 0# - FORMATTED CONTENTS NOTE
Formatted contents note The Roosevelt court : the critical juncture from consensus to dissensus -- Closing the jaws of the decision-making vise : a theory and model of consensus -- A function of design : consensus in votes on the merits -- Monolithic solidarity : consensus in opinion writing -- An opportunity to clarify : unanimity and agenda setting.
650 #0 - SUBJECT ADDED ENTRY--TOPICAL TERM
Topical Term Judicial process
Topical Term Consensus (Social sciences)
700 1# - ADDED ENTRY--PERSONAL NAME
Personal name Steigerwalt, Amy,
Personal name Ward, Artemus,
856 40 - ELECTRONIC LOCATION AND ACCESS
Uniform Resource Identifier http://site.ebrary.com/lib/rucke/Doc?id=10692205

No items available.

© 2026 Rongo University
Contact us: librarian | system librarian | Rongo university